000 00302nam a2200121Ia 4500
008 150201s1988 xx 000 0 und d
082 _a611
_bE88S
100 _aSTERN,JACK
245 _aESSENTIALS OF GROSS-ANATOMY
260 _bJAYPEE BROTHERS
_aDELHI
_c1988
650 _aHUMAN ANATOMY
942 _2ddc
_cBK
999 _c1014
_d1014